000 00583nam a2200193 a 4500
005 20210223121736.0
008 991125s1975 ag 000 0 spa u
035 _aUPN01000023063
049 _aCG
050 4 _aBJ73
_bK3.38
100 1 _aKautsky, Karl,
_d1854-1938
_928820
245 1 0 _aEtica y concepción materialista de la historia /
_cKarl Kautsky.
260 _aCórdoba, Arg. :
_bPasado y Presente,
_c1975.
300 _a196 p.
440 0 _aCuadernos de pasado y presente ;
_v58
650 4 _aETICA -
_xHISTORIA
_915576
650 4 _aETICA COMUNISTA
_923374
905 _aLibro
999 _c23063
_d23063